000 00370nam a2200169Ia 4500
100 _aPratap/K.J/ Reddy/Prakash G
650 _aPhysics
942 _cBK
366 _f15
654 _aPhysics
245 _aEngineering physics
260 _bNew Age International Ltd.
_aMumbai
_c2008
082 _a530/PRA
_bPRA
300 _a311
546 _aENGLISH
999 _c23632
_d23632